00385nam a2200157Ia 4500003000400000005001700004008004100021020001800062040000900080082001800089100002200107245003900129260004000168300000900208650001000217OSt20260324114547.0190216s9999||||xx |||||||||||||| ||und|| a9788126425785 coclc a892.43bAPP/B aAppelfeld, Aharon 0aBadenheim 1939 /cAharon Appelfeld bD C Books Kerala,c2010.aKottayam: a112p aNovel